[Event "Amateur chess champ_Oktyabrskiy"]
[Site "MOSCOW"]
[Date "2016.??.??"]
[Round "4.11"]
[White "Rybakova, Natalia"]
[Black "Yarikov, Artem"]
[Result "0-1"]
[WhiteElo "1410"]
[BlackElo "1487"]
[PlyCount "115"]
[EventDate "2016.11.12"]

1. d4 d5 2. c4 c6 3. e3 Bf5 4. Nf3 e6 5. Nc3 Nf6 6. cxd5 cxd5 7. Bb5+ Nbd7 8.
Ne5 a6 9. Be2 Rc8 10. f3 Qa5 11. Bd2 Qb6 12. Qb3 Qxb3 13. axb3 Nxe5 14. dxe5
Nd7 15. e4 dxe4 16. fxe4 Bg6 17. Bf4 Nc5 18. Bc4 Nxe4 19. Nxe4 Bxe4 20. O-O
Bc5+ 21. Kh1 O-O 22. Rfe1 Bg6 23. Rad1 Rfd8 24. Bg5 Rd4 25. h3 h6 26. Rxd4 Bxd4
27. Bc1 b5 28. Bf1 Rc2 29. Be2 Bxb2 30. Bxb2 Rxb2 31. Bd1 Rb1 32. Rg1 Rc1 33.
Kh2 Bc2 34. Bxc2 Rxc2 35. Rd1 Re2 36. Rd8+ Kh7 37. Ra8 Rxe5 38. Rxa6 Re3 39.
Ra7 Kg6 40. b4 Re4 41. Ra1 Rxb4 42. Re1 Rb2 43. Re4 Rb1 44. Rg4+ Kh7 45. Rf4
Kg8 46. Re4 b4 47. Rc4 b3 48. Rc8+ Kh7 49. Rb8 b2 50. Rb5 e5 51. Kg3 f6 52. Kf2
Kg6 53. Ke2 Rg1 54. Kf2 b1=Q 55. Rxb1 Rxb1 56. Kf3 f5 57. g4 Rb3+ 58. Kg2 0-1

[Event "Amateur chess champ_Oktyabrskiy"]
[Site "MOSCOW"]
[Date "2016.??.??"]
[Round "4.5"]
[White "Apryshko, Gleb"]
[Black "Antonova, Nadezhda"]
[Result "1/2-1/2"]
[WhiteElo "2356"]
[BlackElo "2035"]
[PlyCount "35"]
[EventDate "2016.11.12"]

1. e4 d6 2. d4 Nf6 3. Nc3 e5 4. dxe5 dxe5 5. Qxd8+ Kxd8 6. Bg5 c6 7. O-O-O+
Nbd7 8. Bc4 Ke8 9. Nf3 Bc5 10. Rd2 b5 11. Nxb5 cxb5 12. Bxb5 Nxe4 13. Rd5 Nxg5
14. Nxg5 Be7 15. Nf3 a6 16. Bc6 Ra7 17. Nxe5 f6 18. Nxd7 1/2-1/2

[Event "Amateur chess champ_Oktyabrskiy"]
[Site "MOSCOW"]
[Date "2016.??.??"]
[Round "4.10"]
[White "Balashov, Aleksandr"]
[Black "Muraseev, Vasilii"]
[Result "1/2-1/2"]
[WhiteElo "1610"]
[BlackElo "1144"]
[PlyCount "111"]
[EventDate "2016.11.12"]

1. e4 e5 2. Nf3 Nc6 3. Bb5 d6 4. c3 Bd7 5. d4 exd4 6. cxd4 a6 7. Ba4 Nge7 8.
O-O g6 9. h3 Bg7 10. Be3 O-O 11. Nc3 f5 12. exf5 Nxf5 13. Rb1 Nxe3 14. fxe3 b5
15. Bb3+ Kh8 16. Ne4 Bh6 17. Qe2 Na5 18. Ned2 Nxb3 19. Nxb3 Bf5 20. Rbe1 Be4
21. Nbd2 Bxf3 22. Rxf3 Rxf3 23. Qxf3 Qf8 24. Qe2 Qe7 25. e4 Bxd2 26. Qxd2 Rf8
27. e5 dxe5 28. dxe5 Qc5+ 29. Qe3 Qxe3+ 30. Rxe3 Re8 31. Kf2 Kg7 32. Ke2 Kf7
33. Kd3 Ke6 34. Ke4 Re7 35. Re2 Kd7 36. Kd5 Re6 37. Rc2 c6+ 38. Kd4 a5 39. Rf2
a4 40. Rf7+ Re7 41. Rxe7+ Kxe7 42. Kc5 Ke6 43. Kxc6 Kxe5 44. Kxb5 Kf4 45. Kxa4
Kg3 46. b4 Kxg2 47. b5 Kxh3 48. b6 g5 49. b7 h5 50. b8=Q g4 51. Qe8 h4 52. Qe6
Kg3 53. Qe3+ Kh2 54. Qf2+ Kh3 55. Qf1+ Kh2 56. Qf2+ 1/2-1/2

[Event "Amateur chess champ_Oktyabrskiy"]
[Site "MOSCOW"]
[Date "2016.??.??"]
[Round "4.9"]
[White "Tokmantsev, Ivan"]
[Black "Kurakulov, Sergey"]
[Result "0-1"]
[WhiteElo "1387"]
[BlackElo "1950"]
[PlyCount "66"]
[EventDate "2016.11.12"]

1. e4 d5 2. exd5 Qxd5 3. Nc3 Qa5 4. Be2 Nf6 5. Nf3 h6 6. d3 c6 7. Bd2 Qc7 8. h3
Bf5 9. Be3 e6 10. Qd2 Nbd7 11. a3 Bd6 12. Nd4 Bh7 13. Bf3 Nb6 14. Nde2 Rd8 15.
Bxb6 axb6 16. O-O Ke7 17. Qc1 Rdg8 18. g3 h5 19. Bg2 g5 20. Ne4 Bxe4 21. dxe4
Nd7 22. Qe1 h4 23. g4 b5 24. Rd1 Bc5 25. Kh1 Ne5 26. f3 Ba7 27. Nd4 Bb8 28. Kg1
Nxg4 29. Nf5+ exf5 30. exf5+ Kf8 31. Rd8+ Kg7 32. Rxg8+ Rxg8 33. Rf2 Nxf2 0-1

[Event "Amateur chess champ_Oktyabrskiy"]
[Site "MOSCOW"]
[Date "2016.??.??"]
[Round "4.8"]
[White "Zakharova, Evgenia"]
[Black "Savinov, Victor"]
[Result "1-0"]
[WhiteElo "1890"]
[BlackElo "1893"]
[PlyCount "101"]
[EventDate "2016.11.12"]

1. c4 e5 2. Nc3 Nf6 3. g3 d5 4. cxd5 Nxd5 5. Bg2 Nb6 6. d3 Be7 7. Nf3 Nc6 8.
O-O O-O 9. Be3 Be6 10. Qd2 f6 11. Rac1 Nd5 12. a3 Nxe3 13. Qxe3 Qd7 14. Ne4 Qc8
15. d4 Nxd4 16. Nxd4 exd4 17. Qxd4 c6 18. Nc5 Bf7 19. b4 Rd8 20. Qe3 Bxc5 21.
Rxc5 Qe6 22. Qxe6 Bxe6 23. b5 b6 24. Rxc6 Bd5 25. Rc7 Bxg2 26. Kxg2 Rdc8 27.
Rfc1 Rxc7 28. Rxc7 a6 29. bxa6 Rxa6 30. Rc3 b5 31. h4 Re6 32. Kf3 Re5 33. Rc7
h6 34. e3 Rf5+ 35. Ke2 Re5 36. Kd3 Rf5 37. f4 Rd5+ 38. Ke4 Rd8 39. g4 Ra8 40.
Rb7 Rxa3 41. Rxb5 Ra4+ 42. Kf5 Kh7 43. g5 fxg5 44. hxg5 g6+ 45. Kf6 Ra6+ 46.
Ke5 hxg5 47. fxg5 Kg7 48. Rb7+ Kg8 49. Re7 Kf8 50. Re6 Ra5+ 51. Kf6 1-0

[Event "Amateur chess champ_Oktyabrskiy"]
[Site "MOSCOW"]
[Date "2016.??.??"]
[Round "4.2"]
[White "Voronkov, Denis"]
[Black "Hart, Alexander"]
[Result "1-0"]
[WhiteElo "2204"]
[BlackElo "1808"]
[PlyCount "89"]
[EventDate "2016.11.12"]

1. d4 Nf6 2. Nf3 d5 3. Bg5 Ne4 4. Bf4 g6 5. e3 Bg7 6. Nbd2 Nxd2 7. Qxd2 c5 8.
c3 Nc6 9. Be2 O-O 10. O-O a6 11. dxc5 e5 12. Bg5 f6 13. Bh4 Be6 14. c4 Qa5 15.
cxd5 Qxd2 16. Nxd2 Bxd5 17. Nc4 Rad8 18. Rfd1 Ne7 19. f3 Bh6 20. Bf2 Rc8 21.
Nb6 Rxc5 22. e4 Rc2 23. Bd3 Rxf2 24. Kxf2 Bc6 25. Nd7 Rc8 26. Nxf6+ Kf7 27. Ng4
Bg7 28. Rdc1 h5 29. Ne3 Bh6 30. Rc3 h4 31. Bc4+ Kg7 32. g3 Rf8 33. Nd5 hxg3+
34. hxg3 Nc8 35. Kg2 Rd8 36. Bxa6 Nb6 37. Bxb7 Bxb7 38. Rb3 Rc8 39. Nxb6 Rc2+
40. Kh3 Ba6 41. Rc3 Rf2 42. Rc7+ Kf6 43. Nd5+ Kg5 44. f4+ exf4 45. gxf4+ 1-0

[Event "Amateur chess champ_Oktyabrskiy 2016"]
[Site "MOSCOW"]
[Date "2016.??.??"]
[Round "4.12"]
[White "Pushkin, Vasiliy"]
[Black "Yarikov, Sergey"]
[Result "1-0"]
[WhiteElo "1379"]
[BlackElo "1657"]
[PlyCount "101"]
[EventDate "2016.11.12"]

1. d4 d5 2. c4 dxc4 3. Nc3 Bf5 4. e4 Bg6 5. Bxc4 e6 6. Nf3 Bb4 7. Qa4+ Nc6 8.
d5 Bxc3+ 9. bxc3 a6 10. Qa3 exd5 11. exd5 Qe7+ 12. Be2 Qxa3 13. Bxa3 Nce7 14.
c4 O-O-O 15. O-O Nf5 16. Rfd1 Nf6 17. Rd2 Ne4 18. Rb2 f6 19. Rb3 Rhe8 20. Bd3
b6 21. Re1 Nd2 22. Rxe8 Nxf3+ 23. gxf3 Rxe8 24. Bb2 Nh4 25. Bf1 Bh5 26. f4 Re4
27. Rg3 Nf5 28. Bh3 Re1+ 29. Kg2 g6 30. Bxf5+ gxf5 31. Bxf6 Re4 32. Rg8+ Kb7
33. Rg7 Kc8 34. Rxh7 Be2 35. Rh8+ Kb7 36. Rh7 Kc8 37. c5 Rxf4 38. h3 bxc5 39.
Be5 Re4 40. Rxc7+ Kd8 41. Bh2 c4 42. d6 f4 43. Rf7 Rd4 44. Bxf4 c3 45. Bg5+ Ke8
46. Re7+ Kf8 47. Rc7 c2 48. Be7+ Kf7 49. Rxc2 Ra4 50. Rd2 a5 51. d7 1-0

[Event "Amateur chess champ_Oktyabrskiy"]
[Site "MOSCOW"]
[Date "2016.??.??"]
[Round "4.6"]
[White "Losev, Dmitry"]
[Black "Prakhov, Nikolay"]
[Result "1-0"]
[WhiteElo "2174"]
[BlackElo "1851"]
[PlyCount "107"]
[EventDate "2016.11.12"]

1. e4 e5 2. Nc3 Nf6 3. f4 d5 4. exd5 exf4 5. Bb5+ Bd7 6. Bxd7+ Nbxd7 7. Nh3 Bd6
8. Qe2+ Qe7 9. Qxe7+ Kxe7 10. d3 Nb6 11. Nxf4 Bxf4 12. Bxf4 Nfxd5 13. O-O Kd7
14. Ne4 Rae8 15. Bd2 f6 16. a4 Kc8 17. a5 Nd7 18. Rae1 Ne7 19. Rf2 Nc6 20. Rfe2
Re5 21. c3 Rhe8 22. d4 R5e7 23. b4 f5 24. Ng3 Rxe2 25. Rxe2 Rxe2 26. Nxe2 b5
27. axb6 axb6 28. c4 Nf6 29. b5 Na5 30. Bxa5 bxa5 31. Nc3 Ne4 32. Nb1 g5 33. g3
a4 34. Kg2 Kb7 35. Kf3 Nd6 36. Na3 c6 37. b6 c5 38. dxc5 Ne4 39. g4 Nxc5 40.
gxf5 Kxb6 41. Kg4 Nd7 42. Kxg5 Kc5 43. f6 Kb4 44. f7 Nf8 45. Kh6 Kxa3 46. c5
Kb3 47. c6 a3 48. c7 a2 49. c8=Q a1=Q 50. Qb8+ Kc4 51. Qxf8 Qf6+ 52. Kxh7 Qf5+
53. Kg8 Qd5 54. h4 1-0

[Event "Amateur chess champ_Oktyabrskiy"]
[Site "MOSCOW"]
[Date "2016.??.??"]
[Round "4.1"]
[White "Denishev, Marat"]
[Black "Taalaibekov, Tagir"]
[Result "1/2-1/2"]
[WhiteElo "2375"]
[BlackElo "2195"]
[PlyCount "99"]
[EventDate "2016.11.12"]

1. d4 Nf6 2. c4 e6 3. g3 Bb4+ 4. Bd2 Qe7 5. Bg2 O-O 6. Nf3 Bxd2+ 7. Nfxd2 d6 8.
Nc3 Nbd7 9. O-O e5 10. e3 Re8 11. Qc2 c6 12. b4 Nf8 13. b5 Bd7 14. Rab1 cxb5
15. cxb5 Rac8 16. Bxb7 Rc7 17. Ba6 Bh3 18. Rfc1 exd4 19. exd4 Qe6 20. Qd1 Ng4
21. Nce4 Rxc1 22. Rxc1 Qd5 23. b6 axb6 24. Bc4 Qf5 25. Qf3 Qxf3 26. Nxf3 Rxe4
27. Ng5 Rxd4 28. Bxf7+ Kh8 29. Nxh3 g6 30. Bb3 Ne5 31. Rc8 Kg7 32. f4 Ned7 33.
Ng5 Kf6 34. Nf3 Rb4 35. Re8 h6 36. Kf2 g5 37. fxg5+ hxg5 38. Ke3 Rb5 39. Kd2 g4
40. Nh4 Re5 41. Rc8 Rc5 42. Ra8 Ra5 43. Rxa5 bxa5 44. Ng2 Ne5 45. Bd1 Ne6 46.
Ne3 Ng5 47. Be2 Ne4+ 48. Kd1 Nc3+ 49. Kd2 Nxe2 50. Kxe2 1/2-1/2

[Event "Amateur chess champ_Oktyabrskiy"]
[Site "MOSCOW"]
[Date "2016.??.??"]
[Round "5.7"]
[White "Kurakulov, Sergey"]
[Black "Hart, Alexander"]
[Result "0-1"]
[WhiteElo "1950"]
[BlackElo "1808"]
[PlyCount "56"]
[EventDate "2016.11.12"]

1. f4 d5 2. b3 c5 3. e3 Nf6 4. Bb2 Nc6 5. Nf3 d4 6. Bd3 e6 7. e4 Qc7 8. O-O Be7
9. e5 Nd5 10. g3 h5 11. Be4 h4 12. Bxd5 exd5 13. Kf2 hxg3+ 14. hxg3 Bg4 15. Rh1
O-O-O 16. d3 c4 17. bxc4 dxc4 18. Na3 c3 19. Bc1 a6 20. Qg1 b5 21. Rh2 Qa5 22.
Nb1 Qa4 23. Ne1 Kc7 24. a3 Nb4 25. Qg2 Nxc2 26. Ra2 Nxe1 27. Qh1 Rxh2+ 28. Qxh2
Nxd3+ 0-1

[Event "?"]
[Site "MOSCOW"]
[Date "2016.??.??"]
[Round "5.12"]
[White "Yarikov, Sergey"]
[Black "Rybakova, Natalia"]
[Result "1-0"]
[WhiteElo "1657"]
[BlackElo "1410"]
[PlyCount "49"]
[EventDate "2016.11.12"]

1. d4 d5 2. c4 c6 3. c5 Nf6 4. Bf4 g6 5. Nc3 Bg7 6. h3 O-O 7. e3 Nfd7 8. Bd3
Re8 9. Nf3 e5 10. Nxe5 Nxe5 11. Bxe5 Bxe5 12. dxe5 Rxe5 13. O-O d4 14. Bc2 Rxc5
15. exd4 Rg5 16. Qf3 Qxd4 17. Rad1 Qb6 18. Qf6 h6 19. Rd8+ Qxd8 20. Qxd8+ Kg7
21. Qxc8 a5 22. Qxb7 Ra6 23. f4 Rc5 24. Bb3 a4 25. Qxf7+ 1-0

[Event "?"]
[Site "MOSCOW"]
[Date "2016.??.??"]
[Round "5.10"]
[White "Yarikov, Artem"]
[Black "Balashov, Aleksandr"]
[Result "1-0"]
[WhiteElo "1487"]
[BlackElo "1610"]
[PlyCount "104"]
[EventDate "2016.11.12"]

1. e4 e5 2. Nf3 Nc6 3. Bb5 a6 4. Bxc6 dxc6 5. d3 Bg4 6. h3 Bh5 7. g4 Bg6 8.
Nxe5 Qd6 9. Bf4 Qb4+ 10. Nd2 O-O-O 11. Nxg6 hxg6 12. b3 f5 13. a3 Qc3 14. gxf5
gxf5 15. exf5 Re8+ 16. Kf1 Nh6 17. Bxh6 Rxh6 18. Ne4 Qe5 19. Ng3 g5 20. fxg6
Rxg6 21. Qe1 Bg7 22. Qxe5 Bxe5 23. Re1 Kd7 24. Kg2 Rge6 25. a4 Bxg3 26. Rxe6
Rxe6 27. Kxg3 Re2 28. Rc1 Ke6 29. Kf3 Re5 30. Rg1 Kf7 31. h4 Rh5 32. Rg4 Rc5
33. Rc4 Rh5 34. Kg4 Re5 35. Re4 Rc5 36. Re2 Kg6 37. c4 Rf5 38. Re6+ Rf6 39.
Rxf6+ Kxf6 40. f4 b5 41. d4 Ke6 42. h5 Kf6 43. f5 c5 44. dxc5 bxc4 45. bxc4 Ke5
46. h6 Kd4 47. c6 Kxc4 48. h7 Kb4 49. h8=Q Kxa4 50. f6 Kb3 51. f7 a5 52. f8=Q
a4 1-0

[Event "?"]
[Site "MOSCOW"]
[Date "2016.??.??"]
[Round "5.11"]
[White "Muraseev, Vasilii"]
[Black "Tokmantsev, Ivan"]
[Result "1/2-1/2"]
[WhiteElo "1144"]
[BlackElo "1387"]
[PlyCount "81"]
[EventDate "2016.11.12"]

1. e4 e6 2. d4 d5 3. e5 c5 4. c3 Nc6 5. Nf3 cxd4 6. cxd4 Bb4+ 7. Bd2 Bxd2+ 8.
Qxd2 Nge7 9. Bd3 Bd7 10. Nc3 a6 11. O-O Ng6 12. Ne2 O-O 13. Rac1 Rc8 14. a3 Qa5
15. Qc3 Qxc3 16. Rxc3 Na7 17. Rfc1 Rxc3 18. Rxc3 Rc8 19. Bxg6 hxg6 20. Rxc8+
Nxc8 21. Nc3 b5 22. b4 Nb6 23. Nd2 Kf8 24. Kf1 Ke7 25. Ke2 Bc6 26. f4 Nc4 27.
Nxc4 dxc4 28. g3 Bd5 29. a4 Bc6 30. a5 Bd5 31. Ke3 Kf8 32. g4 Ke7 33. g5 Kd7
34. h4 f6 35. Kd2 f5 36. Ke3 Be4 37. Kf2 Kc6 38. Ke3 Bd3 39. Kd2 Be4 40. Ke3
Bd3 41. Kd2 1/2-1/2

[Event "?"]
[Site "MOSCOW"]
[Date "2016.??.??"]
[Round "5.2"]
[White "Pokhlebin, Sergej"]
[Black "Denishev, Marat"]
[Result "0-1"]
[WhiteElo "1902"]
[BlackElo "2375"]
[PlyCount "84"]
[EventDate "2016.11.12"]

1. e4 c5 2. Nf3 d6 3. d4 cxd4 4. Nxd4 Nf6 5. Nc3 a6 6. Bg5 Nbd7 7. Qe2 e6 8. f4
Qc7 9. O-O-O Be7 10. g4 O-O 11. Bg2 Rb8 12. h4 Re8 13. Rhe1 Nb6 14. e5 dxe5 15.
fxe5 Nfd5 16. Bxd5 Bxg5+ 17. hxg5 exd5 18. Nf5 Qd8 19. Qe3 Nc4 20. Qf4 Be6 21.
b3 Qa5 22. Nb1 Rbc8 23. bxc4 Rxc4 24. Qd2 Qb6 25. Nd6 Rb4 26. Na3 Rf8 27. c3
Rxg4 28. Qb2 Qd8 29. Qd2 Qa5 30. Nb1 Ra4 31. a3 Qc7 32. Qb2 b5 33. Qc2 Qe7 34.
Rg1 Rh4 35. Qg2 a5 36. Rd4 Rh3 37. Kb2 Rb8 38. Nd2 Qa7 39. Nf3 b4 40. cxb4 Rxf3
41. Qd2 axb4 42. Ra1 bxa3+ 0-1

[Event "?"]
[Site "MOSCOW"]
[Date "2016.??.??"]
[Round "5.3"]
[White "Kedrov, Valery V"]
[Black "Mamatov, Melis"]
[Result "0-1"]
[WhiteElo "2113"]
[BlackElo "2098"]
[PlyCount "35"]
[EventDate "2016.11.12"]

1. e4 h5 2. d4 d6 3. Nf3 c6 4. c4 Nd7 5. Nc3 e5 6. Be3 Ngf6 7. h3 Qc7 8. Be2
Be7 9. Qd2 a5 10. O-O b6 11. a3 Bb7 12. b4 O-O 13. d5 Rfb8 14. Rac1 cxd5 15.
Nxd5 Bxd5 16. exd5 Ne4 17. Qc2 f5 18. Bd3 0-1

[Event "?"]
[Site "MOSCOW"]
[Date "2016.??.??"]
[Round "5.4"]
[White "Antonova, Nadezhda"]
[Black "Zakharova, Evgenia"]
[Result "0-1"]
[WhiteElo "2035"]
[BlackElo "1890"]
[PlyCount "76"]
[EventDate "2016.11.12"]

1. Nf3 d5 2. d4 e6 3. Bf4 Nf6 4. e3 c5 5. c3 Be7 6. h3 O-O 7. Nbd2 Nc6 8. Bd3
c4 9. Bc2 b5 10. O-O Nd7 11. e4 dxe4 12. Bxe4 Bb7 13. a4 a6 14. b3 cxb3 15.
axb5 axb5 16. Qxb3 Qb6 17. Rab1 b4 18. cxb4 Nxd4 19. Nxd4 Bxe4 20. Nxe4 Qxd4
21. Qf3 Ne5 22. Bxe5 Qxe5 23. Rfe1 Qb5 24. Nc3 Qc4 25. Re4 Qc7 26. b5 Ra3 27.
Re3 Bc5 28. Nd5 Rxe3 29. Nxe3 Qa7 30. Ng4 Bd4 31. Qe2 Qc7 32. Rd1 Qc5 33. Nh2
Rd8 34. Rb1 Qf5 35. Re1 Rc8 36. Nf3 Bb6 37. Ne5 Rc2 38. Qd1 Qxf2+ 0-1

[Event "?"]
[Site "MOSCOW"]
[Date "2016.??.??"]
[Round "5.1"]
[White "Taalaibekov, Tagir"]
[Black "Voronkov, Denis"]
[Result "0-1"]
[WhiteElo "2195"]
[BlackElo "2204"]
[PlyCount "81"]
[EventDate "2016.11.12"]

1. d4 e6 2. Nc3 Nf6 3. Bf4 c5 4. e3 cxd4 5. exd4 a6 6. g4 Bb4 7. Qf3 Nd5 8. Bd2
Nxc3 9. bxc3 Be7 10. Bd3 Nc6 11. Ne2 b6 12. O-O Bb7 13. Qh3 Qc7 14. Rab1 Na5
15. f3 Nc4 16. Bf4 Bd6 17. Bg5 f6 18. Qh5+ Ke7 19. Bc1 b5 20. a4 Bc6 21. axb5
axb5 22. Be4 g6 23. Qh6 Kf7 24. Nf4 Rag8 25. Kg2 Nb6 26. Bd3 Nd5 27. Nxd5 Bxd5
28. Bd2 Bc4 29. Rfe1 Bxd3 30. cxd3 g5 31. Rxb5 Rg6 32. Qh3 Kg7 33. Rh1 Rh6 34.
Qxh6+ Kxh6 35. h4 Kg7 36. hxg5 Bf4 37. gxf6+ Kxf6 38. Be1 h6 39. c4 Rb8 40. Bc3
Rxb5 41. cxb5 0-1

[Event "?"]
[Site "MOSCOW"]
[Date "2016.??.??"]
[Round "5.8"]
[White "Savinov, Victor"]
[Black "Pushkin, Vasiliy"]
[Result "1-0"]
[WhiteElo "1893"]
[BlackElo "1379"]
[PlyCount "94"]
[EventDate "2016.11.12"]

1. d4 Nf6 2. Bg5 e6 3. e4 Be7 4. Nd2 d6 5. Bd3 Nbd7 6. Ngf3 c5 7. c3 a6 8. O-O
O-O 9. Qb1 h6 10. Bh4 b5 11. e5 Nd5 12. Bg3 dxe5 13. dxe5 c4 14. Bc2 Nc5 15.
Ne4 Nxe4 16. Bxe4 Bb7 17. h3 Qc7 18. a4 Bc6 19. Nd4 Rfb8 20. axb5 axb5 21. Rxa8
Bxa8 22. Qc2 Bc5 23. Ne2 Bc6 24. Kh2 Ra8 25. Qd2 Rd8 26. Qc2 Ra8 27. Rd1 b4 28.
Qd2 b3 29. Nd4 Rd8 30. Qe2 Bxd4 31. Rxd4 Bb5 32. f4 Nb6 33. Bf2 Nd5 34. Qf3 Qb7
35. f5 Rd7 36. Qg4 Qa6 37. fxe6 fxe6 38. Qg6 Rf7 39. Bh4 Kf8 40. Qh7 Ke8 41.
Qg8+ Rf8 42. Bg6+ Kd7 43. Qxf8 Kc7 44. Bd8+ Kb8 45. Be4 Qc6 46. Rxd5 exd5 47.
Bxd5 Qa6 1-0

[Event "?"]
[Site "MOSCOW"]
[Date "2016.??.??"]
[Round "6.1"]
[White "Voronkov, Denis"]
[Black "Denishev, Marat"]
[Result "0-1"]
[WhiteElo "2204"]
[BlackElo "2375"]
[PlyCount "68"]
[EventDate "2016.11.12"]

1. d4 Nf6 2. Nf3 g6 3. Bg5 Bg7 4. e3 O-O 5. Be2 d5 6. O-O c6 7. Nbd2 Qb6 8. Qc1
Bf5 9. Ne5 Re8 10. Bd3 Bxd3 11. Nxd3 Nbd7 12. Rb1 Ne4 13. Bf4 f6 14. Nb3 e5 15.
Bg3 a5 16. f3 a4 17. Nbc5 Nexc5 18. Nxc5 Nxc5 19. dxc5 Qxc5 20. Bf2 e4 21. f4
f5 22. c3 a3 23. bxa3 b5 24. Rb3 Ra4 25. Qd1 Rxa3 26. Rxa3 Qxa3 27. g4 Rf8 28.
Kh1 Qxc3 29. Rg1 Qc4 30. a3 Qa2 31. Rg2 Qxa3 32. gxf5 Rxf5 33. Qg4 b4 34. Qh4
b3 0-1

[Event "?"]
[Site "MOSCOW"]
[Date "2016.??.??"]
[Round "6.2"]
[White "Zakharova, Evgenia"]
[Black "Mamatov, Melis"]
[Result "0-1"]
[WhiteElo "1890"]
[BlackElo "2098"]
[PlyCount "87"]
[EventDate "2016.11.12"]

1. e4 c5 2. Nf3 b6 3. d4 cxd4 4. Nxd4 Bb7 5. Nc3 a6 6. Bg5 d6 7. Bd3 Nd7 8. Qd2
Ngf6 9. O-O e6 10. Rae1 Qc7 11. Nb3 Be7 12. f4 b5 13. Kh1 h6 14. Bxf6 gxf6 15.
e5 dxe5 16. f5 Rg8 17. Ne4 h5 18. Na5 Bd5 19. c4 bxc4 20. Bxc4 Bxc4 21. Rc1
Bxf1 22. Rxc7 Bxg2+ 23. Kg1 Bxe4+ 24. Kf1 Bd5 25. Qc3 Bd8 26. Rc8 Rg4 27. fxe6
fxe6 28. Rxa8 Bxa8 29. Qc8 Bg2+ 30. Kf2 Ke7 31. Qxa6 Bd5 32. Ke2 Re4+ 33. Kd2
Rd4+ 34. Kc2 Ra4 35. b4 Rxb4 36. Nb3 Re4 37. Kd2 Bb6 38. Kc2 Rh4 39. Qa3+ Ke8
40. Qd6 Be4+ 41. Kc3 Bd5 42. Na5 Bc5 43. Qa6 Bb4+ 44. Kd3 0-1

[Event "?"]
[Site "MOSCOW"]
[Date "2016.??.??"]
[Round "6.5"]
[White "Hart, Alexander"]
[Black "Antonova, Nadezhda"]
[Result "0-1"]
[WhiteElo "1808"]
[BlackElo "2035"]
[PlyCount "111"]
[EventDate "2016.11.12"]

1. c4 e6 2. g3 Nf6 3. Bg2 d5 4. d4 c6 5. Nf3 b6 6. O-O Bb7 7. Qc2 Be7 8. Nbd2
O-O 9. Rd1 Nbd7 10. b3 Rc8 11. Bb2 c5 12. Rac1 dxc4 13. Nxc4 cxd4 14. Qb1 Be4
15. Qa1 Bxf3 16. exf3 e5 17. f4 exf4 18. Rxd4 fxg3 19. hxg3 b5 20. Ne5 Rxc1+
21. Qxc1 Bc5 22. Rd2 Qe7 23. Nxd7 Nxd7 24. Rxd7 Bxf2+ 25. Kxf2 Qxd7 26. Qc3 f6
27. Qd4 Qf5+ 28. Bf3 Qc2+ 29. Kf1 Rc8 30. Qe4 Qc7 31. Be2 Qd7 32. Kf2 Rd8 33.
Bc1 a6 34. Be3 Re8 35. Qd3 Qc8 36. Bd1 Qh3 37. Bf3 Kh8 38. Qd5 Qc8 39. Qc6 f5
40. a3 Rd8 41. Qxc8 Rxc8 42. Ke2 Rc2+ 43. Kd3 Rb2 44. Kc3 Rh2 45. Bf4 h6 46.
Kb4 g5 47. Be5+ Kh7 48. Ka5 Ra2 49. Bd6 Rd2 50. Bc5 Rd3 51. Bc6 Kg6 52. Kxa6
Kf6 53. Be8 Rxb3 54. Bd7 g4 55. Bxb5 Rxg3 56. Bc4 0-1

[Event "?"]
[Site "MOSCOW"]
[Date "2016.??.??"]
[Round "6.7"]
[White "Yarikov, Artem"]
[Black "Kedrov, Valery V"]
[Result "0-1"]
[WhiteElo "1487"]
[BlackElo "2113"]
[PlyCount "35"]
[EventDate "2016.11.12"]

1. e4 d5 2. exd5 Qxd5 3. Nc3 Qa5 4. d4 Nf6 5. Nf3 Nc6 6. Bb5 Ne4 7. Bxc6+ bxc6
8. Bd2 Nxc3 9. Bxc3 Qd5 10. O-O Bg4 11. Re1 Bxf3 12. Qxf3 Qxf3 13. gxf3 e6 14.
a3 Be7 15. Bb4 Bf6 16. Bc3 Ke7 17. b4 Rhd8 18. Red1 0-1

[Event "?"]
[Site "MOSCOW"]
[Date "2016.??.??"]
[Round "6.8"]
[White "Kurakulov, Sergey"]
[Black "Prakhov, Nikolay"]
[Result "0-1"]
[WhiteElo "1950"]
[BlackElo "1851"]
[PlyCount "120"]
[EventDate "2016.11.12"]

1. f4 d5 2. b3 c5 3. Bb2 Nc6 4. Nf3 Bf5 5. e3 a6 6. Be2 Nf6 7. O-O h6 8. Ne5
Bd7 9. Qe1 e6 10. Nxd7 Nxd7 11. Rf3 d4 12. e4 e5 13. f5 Nf6 14. d3 Be7 15. Qg3
O-O 16. Bc1 Kh8 17. Qh3 Nh7 18. Qh5 Bg5 19. Bd2 Bxd2 20. Nxd2 Qg5 21. Qxg5 Nxg5
22. Rg3 Nh7 23. Nf3 Rad8 24. a3 Rd6 25. Rh3 Kg8 26. Rg3 Rc8 27. Kf2 Kf8 28. h4
Nf6 29. Nh2 Rc7 30. Rg1 Ne7 31. Rh3 b5 32. g4 c4 33. g5 Nd7 34. bxc4 bxc4 35.
Rb1 c3 36. Nf3 g6 37. f6 Nc6 38. Rhh1 h5 39. Rb3 Na5 40. Rb4 Nc6 41. Rb3 Na5
42. Rbb1 Rc5 43. Rhg1 Rb5 44. Rxb5 axb5 45. Rb1 Rb6 46. Nh2 Nc6 47. Nf1 Nc5 48.
Kg2 Na4 49. Rb3 Na5 50. Rb4 Nc6 51. Rb3 Nb2 52. Nd2 Nxd3 53. Bxd3 cxd2 54. Be2
Na5 55. Rb1 Ke8 56. Kf1 Nc4 57. a4 bxa4 58. Rxb6 Nxb6 59. Bb5+ Kf8 60. Bxa4
d1=Q+ 0-1

[Event "?"]
[Site "MOSCOW"]
[Date "2016.??.??"]
[Round "6.10"]
[White "Pushkin, Vasiliy"]
[Black "Muraseev, Vasilii"]
[Result "1-0"]
[WhiteElo "1379"]
[BlackElo "1144"]
[PlyCount "69"]
[EventDate "2016.11.12"]

1. d4 d5 2. c4 e6 3. Nc3 Nf6 4. Bg5 Be7 5. Nf3 Nc6 6. e3 h6 7. Bh4 Bd7 8. Bxf6
Bxf6 9. cxd5 exd5 10. Nxd5 Bf5 11. Nxf6+ Qxf6 12. Bd3 Bg4 13. a3 O-O 14. Be2
Rfe8 15. O-O Qg6 16. Kh1 Rad8 17. Re1 Qe6 18. h3 Bf5 19. Bd3 Ne7 20. Bxf5 Nxf5
21. Rc1 c6 22. Qa4 a6 23. Qb4 Qe7 24. Qxe7 Rxe7 25. Rc3 Rde8 26. Kg1 f6 27.
Rec1 Nd6 28. Nd2 Kf7 29. Nc4 Nxc4 30. Rxc4 Ke6 31. Kf1 Kd6 32. R4c3 Rc7 33. Rb3
Rce7 34. Rb4 Rb8 35. Rb6 1-0

[Event "?"]
[Site "MOSCOW"]
[Date "2016.??.??"]
[Round "6.11"]
[White "Balashov, Aleksandr"]
[Black "Yarikov, Sergey"]
[Result "1-0"]
[WhiteElo "1610"]
[BlackElo "1657"]
[PlyCount "155"]
[EventDate "2016.11.12"]

1. e4 e5 2. Nf3 Nc6 3. Bb5 d6 4. d4 a6 5. Bxc6+ bxc6 6. dxe5 Qe7 7. O-O dxe5 8.
h3 Nf6 9. Re1 Bb7 10. b3 Rd8 11. Qe2 g6 12. Bb2 Nd7 13. Nbd2 f6 14. Nc4 Qc5 15.
Ba3 Qb5 16. Qe3 Bxa3 17. Nxa3 Qc5 18. Qc1 Nb6 19. Nb1 a5 20. c4 a4 21. Qc3 O-O
22. Nbd2 Rd7 23. b4 Qe7 24. a3 Rfd8 25. c5 Nc8 26. Rad1 Ba6 27. Qc2 Bb5 28. Nb1
Qe6 29. Nfd2 Ne7 30. Nc3 Bd3 31. Qxa4 f5 32. exf5 Bxf5 33. Nde4 Nd5 34. Qc2 Nf4
35. Rxd7 Rxd7 36. Kh2 Bxh3 37. Ng5 Qf5 38. Qxf5 Bxf5 39. Rxe5 Nd3 40. Re2 h6
41. Nge4 Rd4 42. Kg3 Nxb4 43. axb4 Rxb4 44. f3 h5 45. Ng5 Rc4 46. Nce4 Kg7 47.
Ra2 Bxe4 48. Nxe4 g5 49. Ra7 Kg6 50. Rxc7 g4 51. Rxc6+ Kg7 52. Rd6 gxf3 53.
gxf3 Kf7 54. Rd5 Kg6 55. Rd6+ Kf5 56. Rh6 Rc1 57. Rxh5+ Ke6 58. Kf4 Rf1 59.
Rh6+ Kd7 60. Rd6+ Kc7 61. Rd3 Kc6 62. Rc3 Rh1 63. Kf5 Rh5+ 64. Ng5 Rh6 65. f4
Rh1 66. Kg6 Rh8 67. Kg7 Rh5 68. Kg6 Rh8 69. f5 Rg8+ 70. Kh6 Rf8 71. Kg6 Rg8+
72. Kf6 Rf8+ 73. Nf7 Ra8 74. Kg7 Re8 75. f6 Re1 76. Ng5 Rg1 77. Kg6 Rf1 78. f7
1-0

[Event "?"]
[Site "MOSCOW"]
[Date "2016.??.??"]
[Round "6.10"]
[White "Tokmantsev, Ivan"]
[Black "Rybakova, Natalia"]
[Result "0-1"]
[WhiteElo "1387"]
[BlackElo "1410"]
[PlyCount "101"]
[EventDate "2016.11.12"]

1. e4 c6 2. d4 d5 3. exd5 cxd5 4. Nf3 Nf6 5. Bb5+ Nc6 6. O-O Bg4 7. Qd3 a6 8.
Bxc6+ bxc6 9. Ne5 Qb6 10. b3 e6 11. Nxg4 Nxg4 12. h3 Nf6 13. Nc3 Bd6 14. Na4
Qb7 15. Nc3 O-O 16. Bg5 Be7 17. a3 a5 18. Na4 Ne4 19. Bxe7 Qxe7 20. Nc3 Nxc3
21. Qxc3 Qc7 22. b4 Rfc8 23. Qb2 axb4 24. axb4 Rab8 25. Qc3 Qd6 26. Rfb1 f6 27.
Ra6 Qc7 28. Rba1 Qb7 29. R1a4 Ra8 30. Rxa8 Rxa8 31. Rxa8+ Qxa8 32. Qc5 Kf7 33.
c3 h6 34. Kh2 g5 35. Qd6 Qe8 36. f4 Kg6 37. fxg5 hxg5 38. Kg1 f5 39. Kf2 Kh5
40. Qc7 Kg6 41. Qe5 Qe7 42. Kf3 Qf7 43. g4 fxg4+ 44. Kxg4 Qf5+ 45. Qxf5+ exf5+
46. Kf3 Kh5 47. c4 dxc4 48. b5 c3 49. b6 c2 50. b7 c1=Q 51. b8=Q 0-1